000 01025cam a2200349 4500
001 199812
003 BPMSU
005 20180206115652.0
007 199812
008 880810s1985 sp d 001 0 spa
016 7 _a
_z
_2BPMSU
017 _a
_b
020 _a
035 _a
040 _aBPMSU
_bspa
_cBPMSU
_e
080 _a
082 _2658.154
_aA323t
100 1 _a Alatriste, Sealtiel,
_d1949-.
245 1 0 _a Técnica de los costos /
_n
_c Sealtiel Alatriste
260 _aMéxico :
_b Ed. Porrua,
_c1979.
300 _axxii, 442 p :
_bgráf.
_c24 cm
336 _a
_2
337 _a
_2
504 _aIncluye bibliografías.
650 _aContabilidad administrativa
_v Publicaciones seriadas.
650 _aContabilidad de costos
_v Publicaciones seriadas.
651 _aBucaramanga (Colombia)
_v Publicaciones seriadas.
651 _aColombia
_v Publicaciones seriadas.
942 _2ddc
_cBK
945 _ainventariado, 2018 / dg
956 _aVMATEO
_b10
_c20160620
_dBPMSU
_f0069
999 _c10433
_d10433